Concurrence flexibilité et stabilité <Des> fondements théoriques de la notion de flexibilité
Saved in:
| Main Author: | |
|---|---|
| Format: | Book |
| Language: | French |
| Published: |
Paris
Economica
1989
|
| Edition: | 1. éd. |
| Subjects: | |
| Tags: |
No Tags, Be the first to tag this record!
|
MARC
| LEADER | 00000nam a2200000 4500 | ||
|---|---|---|---|
| 001 | c001272 | ||
| 005 | 20221215130534.4 | ||
| 020 | |a 2-7178-1722-0 | ||
| 041 | 0 | |a fre | |
| 044 | |a FR | ||
| 245 | 1 | 0 | |a Concurrence flexibilité et stabilité |b <Des> fondements théoriques de la notion de flexibilité |c Bernard Guerrien |
| 250 | |a 1. éd. | ||
| 264 | 1 | |a Paris |b Economica |c 1989 | |
| 300 | |a 303 s. | ||
| 610 | 2 | 0 | |a konkurencia |
| 610 | 2 | 0 | |a stabilita hospodárstva |
| 610 | 2 | 0 | |a adaptabilita |
| 610 | 2 | 0 | |a rovnováha hospodárska |
| 610 | 2 | 0 | |a rovnováha trhová |
| 610 | 2 | 0 | |a teórie ekonomické |
| 610 | 2 | 0 | |a konkurencia voľná |
| 610 | 2 | 0 | |a nerovnováha hospodárska |
| 610 | 2 | 0 | |a dopyt |
| 610 | 2 | 0 | |a modely rovnováhy |
| 610 | 2 | 0 | |a modely rastu |
| 610 | 2 | 0 | |a spotreba |
| 610 | 2 | 0 | |a obeh peňažný |
| 610 | 2 | 0 | |a konjunktúra hospodárska |
| 100 | 1 | |a Guerrien, Bernard | |